Análisis de las políticas públicas, programas y acciones en turismo en México (Record no. 75923)

MARC details
000 -LEADER
campo de control de longitud fija 00532nmm a2200157Ia 4500
008 - DATOS DE LONGITUD FIJA--INFORMACIÓN GENERAL
campo de control de longitud fija 251105s9999||||xx |||||||||||||||||und||
020 ## - NÚMERO INTERNACIONAL ESTÁNDAR DEL LIBRO
Número Internacional Estándar del Libro 9786078831142
041 ## - CÓDIGO DE IDIOMA
Código de lengua del texto/banda sonora o título independiente spa
100 ## - ENTRADA PRINCIPAL--NOMBRE DE PERSONA
Nombre de persona Cárdenas Gómez, Erika Patricia, (coord.)
245 #0 - MENCIÓN DEL TÍTULO
Título Análisis de las políticas públicas, programas y acciones en turismo en México
264 ## - PRODUCCIÓN, PUBLICACIÓN, DISTRIBUCIÓN, FABRICACIÓN Y COPYRIGHT
Producción, publicación, distribución, fabricación y copyright [México D.C., Mexico] :
Nombre del de productor, editor, distribuidor, fabricante El Colegio de Jalisco,
Fecha de producción, publicación, distribución, fabricación o copyright 2022
300 ## - DESCRIPCIÓN FÍSICA
Extensión 281 páginas
490 ## - MENCIÓN DE SERIE
Mención de serie Temas de Estudio
856 ## - LOCALIZACIÓN Y ACCESO ELECTRÓNICOS
Identificador Uniforme de Recursos <a href="https://public.digitaliapublishing.com/a/172221">https://public.digitaliapublishing.com/a/172221</a>
942 ## - ELEMENTOS DE ENTRADA SECUNDARIOS (KOHA)
Tipo de ítem Koha Libro Digital

No items available.

Powered by Koha